Papyrological texts in honor of Roger S. Bagnall /

محفوظ في:

مؤلفون آخرون: Ast, Rodney, Hickey, T. M. (المحرر), Lougovaya, Julia (المحرر)

التنسيق: كتاب

اللغة: English
French
German
Italian
Ancient Greek

منشور في: Durham, North Carolina : The American Society of Papyrologists, [2013].

سلاسل: American Studies in Papyrology ; 53.
ASP ; 53.

الموضوعات:

الوسوم: إضافة وسم

لا توجد وسوم, كن أول من يضع وسما على هذه التسجيلة!

رقم الطلب: PA3339 .A51 v.53

LEADER 01299nam a22003497a 4500
003 OSt
005 20251006071758.0
008 251006t2013 ncua g b 011 0 eng d
010 |a 2012038169 
020 |a 9780979975868 
040 |c ARCE Library 
041 0 |a eng  |a fre  |a ger  |a ita  |a grc 
050 1 4 |a PA3339  |b .A51 v.53 
245 0 0 |a Papyrological texts in honor of Roger S. Bagnall /   |c edited by Rodney Ast, Hélène Cuvigny, Todd M. Hickey, and Julia Lougovaya. 
264 1 |a Durham, North Carolina :   |b The American Society of Papyrologists,   |c [2013]. 
300 |a xiv, 378 pages :   |b illustrations ;   |c 29 cm. 
490 1 |a American Studies in Papyrology ;   |v 53. 
490 1 |a ASP ;   |v 53. 
500 |a A pseudo-festschrift according to the preface. 
546 |a Essays in English, French, German, and Italian. Includes Greek texts of papyri. 
650 0 |a Classical languages  |v Texts. 
650 0 |a Classical literature  |x Criticism, Textual. 
650 0 |a Manuscripts, Classical (Papyri) 
700 1 |a Ast, Rodney,  |9 25761 
700 1 |a Hickey, T. M.,   |e editor 
700 1 |a Lougovaya, Julia,   |e editor 
700 1 |a Bagnall, Roger S.,   |e honoree 
830 0 |a American Studies in Papyrology ;   |v 53. 
830 0 |a ASP ;   |v 53. 
901 |a reviewed 
942 |c BK  |2 lcc 
999 |c 22353  |d 22353